[Event "Carlsen Inv Prelim"]
[Site "chess24.com INT"]
[Date "2020.04.18"]
[Round "1.2"]
[White "Nakamura, Hikaru"]
[Black "Carlsen, Magnus"]
[Result "1-0"]
[WhiteElo "2736"]
[BlackElo "2863"]
[Annotator "Edouard,R"]
[PlyCount "79"]
[EventDate "2020.04.18"]
[EventType "tourn (rapid)"]
[EventRounds "7"]
[EventCountry "USA"]
[EventCategory "22"]
[SourceTitle "CBM 196"]
[Source "ChessBase"]
[SourceDate "2020.06.30"]
[SourceVersion "1"]
[SourceVersionDate "2020.06.30"]
[SourceQuality "1"]

{[%evp 0,79,19,38,25,16,14,23,25,0,10,12,12,16,22,22,49,4,53,47,47,32,32,39,60,
69,106,67,86,10,15,-16,-3,-12,-2,10,12,20,15,15,-2,-4,32,-7,-1,-15,-10,-13,-16,
-37,-22,-22,-19,54,16,43,28,46,30,60,63,63,63,53,123,107,118,165,194,206,189,
232,851,1000,1181,1203,29995,29996,29997,29998,29999,-30000]} 1. e4 e5 2. Nf3
Nc6 3. Bb5 a6 4. Ba4 Nf6 5. O-O b5 6. Bb3 Bc5 7. a4 Rb8 8. Nxe5 Nxe5 9. d4 Bxd4
10. Qxd4 d6 11. f4 Nc6 12. Qc3 Ne7 (12... Bb7 {has been played in a couple of
games, but after} 13. axb5 axb5 14. e5 Ne4 15. Qe3 Ne7 16. Nd2 Nxd2 17. Bxd2
O-O 18. e6 {Black is in trouble.}) 13. axb5 axb5 14. e5 Ne4 15. Qf3 $5 (15. Qe1
{had been play a little more often.}) 15... Nc5 (15... d5 $2 16. Nc3 Nxc3 17.
Qxc3 O-O 18. Be3 $16 {½-½ (40) Lobanov,S (2372)-Grigorjev,I (2203) St
Petersburg 2014}) 16. Ba2 O-O 17. Be3 Bb7 $146 {A good novelty by the World
Champion - but Hikaru Nakamura knew how to react to it!} (17... Nf5 18. Bf2 Be6
19. Rd1 Qe7 20. Nc3 $14 {½-½ (47) Milman,L (2462)-Mulyar,M (2410) New York
2011}) 18. Qh3 Ne4 19. Nc3 Nxc3 20. bxc3 Bd5 (20... Nd5 $5 {was also playable
- but it's so much more logical to exchange the light-squared bishops.}) 21. f5
$1 Bxa2 22. Rxa2 dxe5 23. f6 {A very tricky position.} gxf6 (23... Ng6 24. fxg7
(24. Bh6 Qd5 25. Raa1 Rfd8 {can't be an improvement for White}) 24... Re8 25.
Qf5 Nf4 $1 {should be close to a draw.}) 24. Bh6 Re8 ({After} 24... Qd6 $5 25.
Qg4+ Ng6 26. h4 {Black has a choice between two unbalanced slightly worse
endgames:} Rfe8 (26... Qe6 27. Qxe6 fxe6 28. Bxf8 Rxf8 29. Ra7 Rf7 $132) 27. h5
Qe6 28. Qxe6 Rxe6 29. hxg6 hxg6 $132) 25. Ra6 $5 Rb6 (25... c6 $5 {may have
been better:} 26. Rxc6 $1 Rb6 (26... Nxc6 $4 27. Qg4+) 27. Qg4+ Ng6 28. Rfxf6
Rxc6 29. Rxc6 $14) 26. Rxb6 cxb6 27. Qg3+ Ng6 28. h4 f5 29. h5 f4 (29... Qh4
30. Qxh4 Nxh4 31. Bg5 {and the knight is trapped.}) 30. hxg6 $1 hxg6 (30...
fxg3 $2 31. gxf7+ Kh8 32. fxe8=Q+ Qxe8 33. Rf8+ $18) 31. Qg4 Qc8 $2 (31... Qe7
$8 {was necessary, keeping good control of the dark squares.}) 32. Qh4 $1 {
Now Black is lost as Bg5/f6 or Rf3/h3 is coming.} Qc5+ (32... Qd8 33. Bg5 $18)
(32... Qe6 33. Bg5 Kg7 34. Qh6+ Kg8 35. Rf3 $18) 33. Kh2 Qd6 34. Bg5 $1 f5 35.
Rf3 $1 e4 36. Rh3 f3+ 37. Bf4 Qd7 38. Qh8+ Kf7 39. Rh7+ Ke6 40. Qe5# {And mate!
} 1-0

[Event "Carlsen Inv Prelim"]
[Site "chess24.com INT"]
[Date "2020.04.20"]
[Round "2.1"]
[White "Carlsen, Magnus"]
[Black "Firouzja, Alireza"]
[Result "1-0"]
[WhiteElo "2863"]
[BlackElo "2728"]
[Annotator "Edouard,R"]
[PlyCount "67"]
[EventDate "2020.04.18"]
[EventType "tourn (rapid)"]
[EventRounds "7"]
[EventCountry "USA"]
[EventCategory "22"]
[SourceTitle "CBM 196"]
[Source "ChessBase"]
[SourceDate "2020.06.30"]
[SourceVersion "1"]
[SourceVersionDate "2020.06.30"]
[SourceQuality "1"]

{[%evp 0,67,21,22,33,-9,0,-4,13,13,33,-2,8,-20,-25,-24,-3,-71,-46,-51,2,-2,4,
10,46,14,19,-7,-10,12,13,-16,-7,-7,-16,-27,-19,-67,1,-56,-18,-22,-22,-41,-50,
-37,9,-28,-26,0,29,21,51,34,56,26,26,57,61,43,43,33,75,88,93,121,302,303,306,
321]} 1. d4 Nf6 2. c4 e6 3. Nf3 d5 4. Nc3 Bb4 5. cxd5 exd5 6. Bf4 Nc6 7. Rc1
Ne4 8. Nd2 g5 9. Be3 Nxc3 10. bxc3 Ba3 {The latest fashion.} (10... Bd6 {
has been played in several other games:} 11. h4 Bf4 12. Bxf4 gxf4 13. e3 fxe3
14. Qe2 O-O (14... Qe7 15. Qxe3 Qxe3+ 16. fxe3 Ne7 17. Bd3 Bf5 18. e4 dxe4 19.
Nxe4 O-O-O 20. O-O Rhg8 21. Rf3 $14 {½-½ (54) Erenberg,A (2442)-Gavrilescu,D
(2473) Pardubice 2019}) 15. fxe3 Ne7 16. Qf3 Nf5 17. e4 dxe4 18. Nxe4 Qe7 19.
Bd3 Nd6 20. O-O $16 {1-0 (45) Xiong,J (2691)-Burke,J (2562) Philadelphia 2019.}
) 11. Rb1 f5 12. g3 (12. f4 $5 {is worth a look too:} Qe7 13. Bf2 gxf4 14. g3
$1 fxg3 (14... b6 $5 {might be a good try:} 15. c4 $5 Bd7 $5 16. cxd5 fxg3 17.
hxg3 Na5 $13) 15. hxg3 O-O 16. Bg2 Be6 17. Rxb7 Rab8 18. Rxb8 Rxb8 19. Qa4 Rb6
20. O-O Bb2 21. Nc4 $1 dxc4 22. d5 Bf7 23. Bxb6 axb6 24. Qxc6 Bxc3 25. Qxc4
Qe3+ 26. Kh2 $18 {1-0 (50) Nyzhnyk,I (2665)-Grischuk,A (2777) chess.com 2020})
12... O-O (12... Bd6 {is considered critical here as well:} 13. Rg1 $5 O-O 14.
h4 f4 15. gxf4 g4 16. Rb5 (16. c4 $5) 16... Ne7 17. f5 (17. Nf3 $5) 17... h5
18. Bg5 c6 19. Rb2 Rxf5 20. e4 Rxg5 21. hxg5 Ng6 22. e5 Bf8 23. Bd3 Nf4 24. Nf1
Qxg5 25. f3 $4 Nxd3+ 26. Qxd3 Qc1+ $19 {0-1 (33) Carlsen,M (2863)-Giri,A (2764)
chess24.com 2020}) 13. Qb3 Be7 14. f4 Na5 15. Qc2 c6 16. Bg2 (16. fxg5 Bxg5
$132) 16... Bd6 17. c4 $5 {White needs to react in the centre.} gxf4 {A very
risky move.} (17... Qe7 $5 18. Bf2 Be6 $5 19. c5 (19. cxd5 Bxd5 20. Bxd5+ cxd5
21. fxg5 Rac8 $36) 19... Bc7 20. e3 Rab8 $11) 18. gxf4 (18. Bxf4 $5 {could
have led to very wild positions:} Bxf4 19. gxf4 Qh4+ 20. Kd1 Qf2 $1 (20... Qxf4
21. Qc3 Nxc4 22. Nxc4 dxc4 23. Rg1 $1 $40) 21. Qc3 $1 (21. Bf3 Qxd4 22. cxd5
Rd8 $13) 21... Nxc4 (21... Qxg2 22. Kc2 $40) 22. Nxc4 Qxg2 23. Kd2 Qe4 24.
Rhg1+ Kh8 25. Rbf1 $1 Qe7 (25... dxc4 $4 26. d5+ $18) 26. Ne5 $14) 18... Be6
19. cxd5 cxd5 20. O-O Kh8 21. Nf3 Nc4 22. Qd3 b6 23. Kh1 Qe7 $6 {A loss of
time.} (23... Rg8 24. Ne5 Bxe5 25. fxe5 Nxe3 26. Qxe3 Qh4 $132) 24. Ne5 Bxe5 $6
25. fxe5 Rg8 (25... Nxe3 26. Qxe3 Qh4 27. Qf4 $14) 26. Bf4 Rg6 27. Bh3 Rf8 28.
Rf3 Qh4 29. Rbf1 {Now Carlsen has got all he wanted!} Qh5 30. Bc1 Rfg8 $2 {
Giving away a pawn... for free!} (30... Rf7 $142) 31. Bxf5 Rg2 32. Bh3 $1 Rxe2
(32... Bxh3 33. Rxh3 $18) 33. Qxe2 Bxh3 34. Rg1 1-0

[Event "Carlsen Inv Prelim"]
[Site "chess24.com INT"]
[Date "2020.04.24"]
[Round "4.3"]
[White "Carlsen, Magnus"]
[Black "Vachier Lagrave, Maxime"]
[Result "1-0"]
[WhiteElo "2863"]
[BlackElo "2778"]
[Annotator "Edouard,R"]
[PlyCount "63"]
[EventDate "2020.04.18"]
[EventType "tourn (rapid)"]
[EventRounds "7"]
[EventCountry "USA"]
[EventCategory "22"]
[SourceTitle "CBM 196"]
[Source "ChessBase"]
[SourceDate "2020.06.30"]
[SourceVersion "1"]
[SourceVersionDate "2020.06.30"]
[SourceQuality "1"]

{[%evp 0,63,29,29,32,-9,33,42,35,32,32,10,21,9,13,22,15,-2,32,23,30,30,20,-6,4,
7,28,32,33,7,17,30,17,17,29,-85,-49,-120,-37,0,12,39,114,115,138,133,130,128,
134,142,155,103,106,124,124,126,182,185,181,172,192,191,192,195,194,196]} 1. d4
d5 2. c4 c6 3. e3 Nf6 4. Nc3 Bf5 5. Nf3 e6 6. Nh4 Be4 7. f3 Bg6 8. Bd2 Be7 (
8... Nbd7 {is Black's other main option.}) 9. Nxg6 hxg6 10. Qb3 Qc7 (10... Qb6
11. Qxb6 axb6 12. Kf2 $14) 11. O-O-O $1 {It is difficult to come up with
another move here. As long as Black's knight stands on b8, exchanging pawns on
d5 isn't a great idea due to ...cxd5 and ...Nc6.} dxc4 (11... a6 {should be
critical, I believe. White has several options:} 12. Kb1 $5 (12. g4 $5) (12. c5
$5 Nbd7 13. Kb1 b6 14. cxb6 Nxb6 15. h4 a5 16. Qc2 a4 17. e4 Qb7 18. a3 $36) (
12. cxd5 cxd5 13. Kb1 Nc6 14. Ne2 b5 15. Rc1 Qb6 $11 {1-0 (67) Ghaem Maghami,E
(2596)-Schneider,I (2481) Berlin 2015}) 12... dxc4 (12... b5 13. cxd5 cxd5 14.
Rc1 $14) 13. Qxc4 b5 14. Qd3 Nbd7 (14... c5 15. dxc5 Nbd7 16. b4 $14) 15. e4
$44) 12. Bxc4 b5 13. Be2 a6 14. Ne4 $1 (14. Kb1 c5 15. dxc5 Nbd7 $11) 14...
Nxe4 (14... O-O 15. Nxf6+ Bxf6 16. Kb1 Nd7 17. Rc1 $14) 15. fxe4 c5 16. Kb1 Nc6
(16... Nd7 17. h4 $1 {is also quite unpleasant for Black.} (17. e5 $5)) (16...
c4 17. Qc2 Nc6 18. h4 Nb4 19. Bxb4 Bxb4 20. e5 Rc8 21. h5 $40) 17. e5 $5 {
Opening the h1-a8 diagonal for White's light-squared bishop.} ({Still, I'm not
sure} 17. d5 exd5 18. exd5 Ne5 19. Qc2 Qd6 20. e4 {with the idea of h4 would
be part of fun for Black.}) 17... cxd4 {Risky!} (17... Rc8 {looked helpful
before Black takes on d4:} 18. Bf3 O-O 19. Rc1 Na5 20. Bxa5 Qxa5 {and I think
Black should manage to survive White's attack, since at least one pair of
rooks will be exchanged in case of 21.h4 cxd4.}) (17... Qb6 $5) 18. Bf3 Rc8 19.
Rc1 Qd7 $2 {The losing move.} (19... Qb6 $8 {would probably have saved the day:
} 20. Qc2 O-O $1 21. exd4 (21. Bxc6 $2 dxe3 22. Be1 Rc7 $19) 21... Nxe5 $1 22.
Qxc8 Nxf3 23. Qc2 Nxd2+ 24. Qxd2 Qd6 $44) 20. Qc2 $1 Na7 21. Qxc8+ $1 Nxc8 22.
Bc6 {Now it's piece of cake for the World Champion.} Nb6 23. Bxd7+ Kxd7 24.
exd4 Nd5 25. h4 $1 {Opening up the h-file at the cost of a pawn.} Rxh4 26. Rxh4
Bxh4 27. Rh1 Be7 28. Rh7 Bf8 29. Rh8 Ke7 30. Kc2 f6 31. exf6+ gxf6 32. Rh7+ (
32. Rh7+ Kd6 33. Ra7 {is hopeless for Black.}) 1-0

[Event "Carlsen Inv Prelim"]
[Site "chess24.com INT"]
[Date "2020.04.26"]
[Round "5.3"]
[White "Giri, Anish"]
[Black "Carlsen, Magnus"]
[Result "1/2-1/2"]
[WhiteElo "2764"]
[BlackElo "2863"]
[Annotator "Giri,A"]
[PlyCount "139"]
[EventDate "2020.04.18"]
[EventType "tourn (rapid)"]
[EventRounds "7"]
[EventCountry "USA"]
[EventCategory "22"]
[SourceTitle "CBM 196"]
[Source "ChessBase"]
[SourceDate "2020.06.30"]
[SourceVersion "1"]
[SourceVersionDate "2020.06.30"]
[SourceQuality "1"]

{[%evp 0,139,29,20,26,-11,35,37,64,52,64,59,59,59,45,45,51,52,36,52,46,29,63,
57,71,62,34,51,51,40,59,60,8,22,28,18,38,45,34,43,56,52,63,63,42,43,43,44,138,
-1,36,0,82,72,53,-13,1,0,0,0,0,7,0,3,1,-22,-22,-12,-12,-18,-19,-9,0,0,0,0,-9,0,
-9,-17,-16,-20,-16,-26,-34,-45,-51,-61,-62,-102,-26,-61,-70,-64,-64,-64,0,-64,
-65,-62,-55,-54,-56,-55,-55,-82,-70,-66,-39,-70,-71,-90,-87,-81,-83,-88,-91,
-92,-92,-87,-92,-87,-87,-87,-87,-87,0,0,0,0,0,0,0,0,0,0,0,0,0,0,0,0]} 1. d4 Nf6
2. c4 g6 3. Nc3 d5 4. cxd5 Nxd5 5. e4 Nxc3 6. bxc3 Bg7 7. Bc4 c5 8. Ne2 Nc6 9.
Be3 O-O 10. O-O Bg4 11. f3 Na5 12. Bxf7+ {In my previous blitz games I have
mostly gone for the exchange sac with Bd3, which I suspect is what Magnus may
have been aiming for. This is an even older system, heavily debated in the
ancient Karpov-Kasparov battles.} Rxf7 13. fxg4 Rxf1+ 14. Kxf1 Qd6 15. e5 {
At some point I was aware of the chronological development of theory in this
line, but by this point I have already forgotten all that and only remember
what the engine says here.} Qd5 16. Ng1 $5 {Relatively rare apparently. I
guess it surprised my opponent. Back in the day they were going for Bf2 or g5.}
Nc4 17. Qe2 cxd4 {The way Black played in this game is very natural, but both
sides have options along the way really.} 18. cxd4 b5 19. Nf3 a5 20. Bg5 {
Often the bishop ends up on f2 in this system, but I kind of liked this active
move with idea of going h4-h5.} Rf8 $1 {Good response, threatening Qxd4.} 21.
Rd1 e6 $2 {A huge mistake suddenly- a critical loss of time. The pawn still
wasn't hanging apparently.} (21... h6 $1 22. Bxe7 (22. Bc1 Rc8 23. h4 b4 {
here Black gets real counterplay with a4-b3 incoming, but not less importantly
he slowed down white's play as h5 can be met with g5.}) 22... Rf4 $1 23. Kg1
Re4 $1 24. Qf2 Nxe5 $1 {with equality.}) 22. h4 a4 23. Kg1 $1 {Strong move,
getting out of the way in case of some h6 Be7 Rf4 scenarios.} b4 (23... h6 {
doesn't help, as} 24. Bc1 b4 25. Qd3 {is trouble. g6 is falling and Black is
not at all in time with any counterplay.}) 24. h5 b3 {24...h6 is met with Be7,
so Black tries this desperate attempt at counterplay, which really shouldn't
have helped.} 25. axb3 axb3 26. hxg6 $2 {This felt just winning by force, but
it really doesn't. Instead, I should have definitely gone for the position 26.
h6 with an absolutely winning position strategically. I suspected some
queenside counterplay with the far advanced b3 pawn supported by the c4 knight,
but White really has enough pieces to stop it.} (26. h6 $1 Bh8 {There are many
ways to win this position: White can either sent the bishop around to c5 via
e7, or just drop it back to c1 and if Black tries to get b2 in, just deliver
mate with a well timed Ng5 and a major piece.} 27. Be7 (27. Bc1 Ra8 (27... Rb8
28. Bb2 {Black is helpless, he is basically a piece down, as the h8 guy really
doesn't count.}) 28. Rf1 Ra2 29. Qe1 b2 30. Qb4 {is lights out.}) 27... Rb8 28.
Bc5 b2 29. Rb1 {is complete domination too. After my game was over, while on
my break I realised how incredibly lost this position was for Black. Pity!})
26... h6 $2 {Decent practical attempt, but the simple hxg6 actually was simply
fine.} (26... hxg6 $1 {Here 27.Qd3 clearly isn't mating, but I had my hopes
pinned on Nh4, where I missed a few important resources.} 27. Nh4 (27. Kh2 b2
28. Rb1 Rxf3 29. gxf3 Qxd4 {is clearly fine for Black.}) (27. Qd3 Nb2 28. Qxg6
Nxd1 29. Bh6 Rf7 {is only a draw for White, as Ng5 is not an option because of
Qxd4+.} 30. Bxg7 Rxg7 31. Qe8+) 27... b2 (27... Kh7 {There is even a second
defense!} 28. Qd3 Nxe5 $1 29. dxe5 Qxd3 30. Rxd3 Rb8 {and white has to return
a piece.}) 28. Nxg6 (28. Qc2 {is better, but it's clearly slow and Black has a
few ways to equalise, for example} Rb8 29. Nxg6 b1=Q 30. Rxb1 Rxb1+ 31. Qxb1
Qxd4+) 28... Qxd4+ $1 {ouch.}) 27. Bf6 $2 {Not good, as it allows Black to
escape.} (27. Be7 $1 {actually just wins.} Ra8 {was the one that suddenly had
me confused and understandbly so, but here White has a very strong response-}
28. Kh2 $1 Ra2 (28... b2 29. Rb1) 29. Qd3 {when} Nb2 {Nb2 is met with} 30. Qc3
{[%cal Gc3c8]}) 27... Bxf6 28. exf6 Rxf6 29. Ne5 Nxe5 30. dxe5 Qc5+ {
Everything worked out for Black and the rest of the game is drawn, with at
some point Black even being on the more comfortable side.} 31. Kh1 Rf8 32. Rf1
Rxf1+ 33. Qxf1 Qe7 34. Qb5 Kg7 35. Qxb3 Qh4+ 36. Kg1 Qxg4 37. Qd3 h5 38. Qd8
Qf5 39. Qd6 Kxg6 40. g3 Qb1+ 41. Kh2 Qc2+ 42. Kh3 Qc4 {Not a very pleasant
endgame as it is hard to force a draw and giving up a pawn for a perpetual
could also suddenly not be a perpetual. Yet, as long as nothing major is
blundered, such a position generally doesn't lose itself.} 43. Qd1 Qe4 44. Qa1
Kf5 45. Qd1 Kg6 46. g4 {Eliminating one more pawn, when the result really
shouldn't be in doubt.} Qe3+ 47. Kh4 Qf2+ 48. Kh3 Qe3+ 49. Kh4 Qg5+ 50. Kh3
Qxe5 51. Qd3+ Kh6 52. gxh5 Kxh5 53. Kg2 Kg4 54. Qf3+ Kg5 55. Qg3+ Kf5 56. Qf3+
Qf4 57. Qh5+ Ke4 58. Qe2+ Qe3 59. Qc4+ Kf5 60. Qb5+ Kf4 61. Qf1+ Kg5 62. Qc4 {
There is no direct perpetual yet, but as long as White doesn't blunder into a
lost pawn endgame, winning this position is not on the cards for Black. With
his next move he allows an immediate perpetual.} e5 63. Qg8+ Kf4 64. Qf7+ Ke4
65. Qb7+ Kd3 66. Qb3+ Ke2 67. Qb2+ Kd3 68. Qb3+ Ke4 69. Qb7+ Kd3 70. Qb3+
1/2-1/2

[Event "Carlsen Inv Prelim"]
[Site "chess24.com INT"]
[Date "2020.04.26"]
[Round "5.4"]
[White "Carlsen, Magnus"]
[Black "Giri, Anish"]
[Result "1/2-1/2"]
[WhiteElo "2863"]
[BlackElo "2764"]
[Annotator "Giri,A"]
[PlyCount "50"]
[EventDate "2020.04.18"]
[EventType "tourn (rapid)"]
[EventRounds "7"]
[EventCountry "USA"]
[EventCategory "22"]
[SourceTitle "CBM 196"]
[Source "ChessBase"]
[SourceDate "2020.06.30"]
[SourceVersion "1"]
[SourceVersionDate "2020.06.30"]
[SourceQuality "1"]

{[%evp 0,50,29,16,65,49,83,62,64,33,26,25,60,44,66,55,30,17,37,-2,3,-12,-15,-4,
-7,-14,-30,-9,26,-47,-10,-142,-110,-184,-181,-113,-114,-104,-95,-92,-86,-92,
-94,-130,0,0,0,0,0,0,0,0,0]} 1. e4 c5 2. Nf3 d6 3. d4 cxd4 4. Nxd4 Nf6 5. Nc3
a6 6. Bg5 e6 7. f3 {Magnus has played this twice against MVL. Honestly, it's a
fine system, but the last few games of Maxime after 6.f3 were with e6, so this
choice of line is really quite hilarious. It only makes sense against people
who play 6...e5 against the English Attack, as the bishop on g5 can always be
chased back to e3 with h6 if need be.} Be7 {There are countless ways of
playing against White's setup. I decided to first play 0-0 and then see.} 8.
Qd2 O-O 9. O-O-O b5 {It's also possible to go for the Nc6 setups, like in the
Classical Sicilian, here or even after b5 Bb7, but I chose to go for the
standard Najdorf setup with Nbd7.} 10. a3 {I think Magnus mixed up the move
order in this game like three times, so let's not delve too much into it. :)}
Bb7 11. Kb1 Nbd7 12. Qe1 $2 {This move is part of the plan, but clearly not in
this order.} Rc8 $2 {Returning the favour. Rapid & blitz encourages such
mutual slips, as it teaches you not to think about finesses when natural moves
are available.} (12... Nxe4 $1 {would be strong here. Fortunately, I got this
chance later in the game too, where I grabbed it.} 13. Nxe4 Bxg5 14. Nxd6 Bd5 {
Black is just positionally winning, having an unopposed dark-squared bishop.})
13. h4 Qc7 {Amongst other ideas, controlling e5 square and hinting at d5 break.
} 14. Rh3 $2 {And another mixup. This move is great after 13...h5 (which is
the first line). There it would prepare g4, but here white could just go g4
immediately. It is good to see that despite the Carlsen-Nielsen PR machine
trying to convince us that the World Champion's preparation methods are any
different, it is clear that just like the rest of humans, they are clicking
moves looking at the engine screen and occasionally not getting the point of
some of them. It just can't be different in modern times.} (14. g4 {is
critical, when Black will prepare d5 and White is in time to get Bxf6 or Bc1
and g5, with a very unclear position.}) 14... Rfe8 {Very useful move,
introducing the idea of d5!. I would have gone for it after 14.g4 too, but
here it is even easier to make, when White is not even in time to go g5 after
d5.} 15. h5 $2 {This move is odd positionally too, but now the undefended g5
bishop is screaming for Nxe4 tactics.} (15. g4 d5 {is already not good for
White, but it would have still been better than the game.}) 15... Nxe4 $1 {
This time I saw it.} 16. Bxe7 ({White could have been pinning his hopes on
this counter-shot but there is an issue with it-} 16. Ncxb5 axb5 17. Bxe7 e5 $1
{and White loses material after all.}) (16. Nxe4 Bxe4 17. Bxe7 Bxc2+ 18. Nxc2
Qxc2+ 19. Ka2 Rxe7 20. h6 {is quite hopeless for a must win too.}) 16... Nxc3+
17. bxc3 Rxe7 18. Nf5 {White wins an exchange, but for the doubled c-pawns and
e4 pawn too, Black is obviously giving this exchange any day.} exf5 {I was
tempted to go Nb6 instead and in fact the best move is even stronger- Kf8!!.
But with a draw clinching the match, it wasn't possible to resist exf5 with
all the perpetuals incoming.} 19. Qxe7 Qxc3 20. Bd3 Nc5 {The only intrigue
here left was that Black may blunder with b4 Qxd7 b3, as it allows Qa4!!.
Otherwise Nc5 or Nb6 just secure a perpetual.} 21. Bxf5 Nb3 {Na4 also leads to
a perpetual, albeit a little longer one.} 22. Ka2 Nc1+ {Frankly I noticed 22...
Bd5 here and wanted to be nasty and win this game by checkmate, but then I
realised there is 23.Qxd6 and I have to settle for a perpetual anyway. First
world problems.} 23. Kb1 Nb3 24. Ka2 Nc1+ 25. Kb1 Nb3 {A smooth way to seal
the match victory!} 1/2-1/2